Statistics for Vietnamese Food (by Picture)

Click here to take the quiz!

General Stats

  • This quiz has been taken 1,000 times
  • The average score is 7 of 14

Answer Stats

Answer% Correct
Phở
96%
Bánh mì
85%
Bánh xèo
63%
Chả giò
52%
Cơm tấm
52%
Bánh cuốn
51%
Bánh chưng
48%
Bún bò huế
46%
Gỏi cuốn
46%
Bún riêu
40%
Xôi
40%
Bún chả
39%
Bánh tráng trộn
37%
Mỳ quảng
20%

Score Distribution

Percentile by Number Answered

Percent of People with Each Score

Your Score History

You have not taken this quiz